000 01150nam a22002777a 4500
005 20240530110545.0
008 160117s2013 ua g b 000 0 ara d
017 _a2012/22555
_bمصر . دار الكتب المصرية
020 _a9789776410527
040 _aEG-CaGPL
082 0 4 _221
_a343.096\
_bأ ح
100 0 _aايمن سعيد شمسية .
245 1 2 _aالحماية الجنائية للسفن داخل الموانى البحرية :
_bدراسة مقارنة فى ظل التشريعات الوطنية و الدولية /
_cايمن سعيد شمسية .
250 _aط1.
260 _aالاسكندرية :
_bدار الجامعة الجديدة ،
_c2013
300 _a168 ص ؛
_c24 سم .
504 _aيشتمل على ارجاعات ببليوجرافية .
650 0 4 _aالسفن
_xالقانون الدولى .
650 0 4 _aالجرائم الدولية .
650 0 4 _aجرائم السرقة .
650 0 4 _aالموانئ .
650 0 4 _aالسفن التجارية .
650 0 4 _aالسفن
_xقوانين و تشريعات .
942 _2ddc
_cBK
999 _c62341
_d62341